| 000 | 00717cam a2200133 4500500 | ||
|---|---|---|---|
| 005 | 20260111112433.0 | ||
| 041 | _afre | ||
| 042 | _adc | ||
| 245 | 0 | 0 | _aSOLDATOS, Panayotis, Le rôle international des villes à l’aube du millénaire: paradiplomatie, gouvernance et planification stratégique innovantes. Une perspective nord-américaine. Bruxelles (Belgique) : Bruylant (www.bruylant.be), 2003. 134 p. ISBN:2-8027-1745-6 |
| 260 | _c2005. | ||
| 500 | _a15 | ||
| 786 | 0 | _nRevue Internationale des Sciences Administratives | 71 | 1 | 2005-03-01 | p. 185u-190u | 0303-965X | |
| 856 | 4 | 1 | _uhttps://droit.cairn.info/revue-internationale-des-sciences-administratives-2005-1-page-185u?lang=fr&redirect-ssocas=7080 |
| 999 |
_c1632298 _d1632298 |
||